Refractories for the steel industry

Guardado en:
Detalles Bibliográficos
Formato: Libro
Lenguaje:inglés
Publicado: London : Elsevier, 1990
Etiquetas: Agregar Etiqueta
Sin Etiquetas, Sea el primero en etiquetar este registro!

MARC

LEADER 00000nam a22000003a 4500
001 stu28942
005 20150408181120.4
008 950516s1990----uk------------------eng-d
020 |a 1-85166-491-2 
040 |a STU  |b slo 
041 0 |a eng 
044 |a uk 
080 |a 669.14 
245 |a Refractories for the steel industry 
260 |a London :  |b Elsevier,  |c 1990 
300 |a 9,309 s 
996 |b 284V027377  |c V*43337/O-18740  |l VVT  |s A  |a 24  |w stu28942_0001